000 01133nam2a2200229 4500
001 rc\3045053
005 20260315065744.0
035 _a(NLR Aleph) 007184866
090 _a13623776
_c13623776
100 _a20080217d1935 u y0rusy50 ca
101 0 _arus
102 _aRU
105 _ay z |||||
200 1 _aСоветская прокуратура и ее задачи
210 _d1935
215 _aОбл., 65, [2] с., 1 с. объявл.
461 0 _1001rc\3045052
_12001#$aСудоустройство в СССР$eУчеб. пособие для юрид. курсов в 4 очерках$fА.Я. Вышинский$v4
_1700#1$aВышинский$bА.Я.$gАндрей Януариевич$f1883-1954
_97479251
_aВышинский, А.Я. (1883-1954)
_cМосква
_d1935
_e2-е изд. испр. и доп.
_fА.Я. Вышинский
_nСов. законодательство
_oУчеб. пособие для юрид. курсов в 4 очерках
_tСудоустройство в СССР
_v4
801 0 _aRU
_bNLR
_gpsbo
801 1 _aRU
_bELAR
_2rusmarc
852 _aNLR
_j35-18/24(4)
942 _cUNSPEC
980 _aNB